Mort Subite - Trouve les 30 biathlètes de la mass start des JO de 2018 - Statistiques

Statistiques générales
  • Ce quiz a été pris 103 fois
  • Le résultat moyen est 19 sur 30
Answers on the Grid
Answers color-coded by a green-red scale on the quiz's grid according to % correct below.
Martin Fourcade
Simon Schempp
Emil Hegle Svendsen
Erik Lesser
Benedikt Doll
Julian Eberhard
Erlend Bjøntegaard
Tarjei Bø
Jesper Nelin
Jakov Fak
Ondřej Moravec
Dominik Landertinger
Arnd Peiffer
Simon Eder
Fredrik Lindström
Johannes Thingnes Bø
Dominik Windisch
Lukas Hofer
Antonin Guigonnat
Klemen Bauer
Tero Seppälä
Simon Desthieux
Sebastian Samuelsson
Serafin Wiestner
Timofey Lapshin
Michal Krčmář
Benjamin Weger
Andrejs Rastorgujevs
Quentin Fillon Maillet
Tomas Kaukėnas
Jorge Gonzalez Pirela
Samuel Corda
Vladimír Křížek
Stefan Bednar
Wenqin Cai
Sung Ho Kim
KC Vaughan
Mauro Fischietti
Frans Szablewski
Stephane Pernot
Olah Jozsef
Daniel Kowalski
Alfred Pichler
Andraz Zaplotnik
Mark Grassi
Nikita Konovalov
Artur Meburnutov
Manfred Singer
Christian Schoonenberg
Felix Wictorin
Maxime Moreno
Thomas Beraud
Ronan Le Roux
Costache Tudorel
Thomas Jarosch
Henrik Loefvander
Vage Voskonyan
Roman Voronin
Niclas Dymling
Benny Hagberg
 
Statistiques - réponses
Réponse % Correct
Johannes Thingnes Bø
94%
Martin Fourcade
94%
Quentin Fillon Maillet
94%
Tarjei Bø
94%
Sebastian Samuelsson
88%
Lukas Hofer
84%
Benedikt Doll
81%
Simon Desthieux
81%
Simon Eder
81%
Antonin Guigonnat
78%
Arnd Peiffer
78%
Erik Lesser
78%
Jakov Fak
72%
Jesper Nelin
72%
Simon Schempp
72%
Andrejs Rastorgujevs
69%
Emil Hegle Svendsen
66%
Michal Krčmář
66%
Tero Seppälä
63%
Dominik Landertinger
59%
Dominik Windisch
50%
Erlend Bjøntegaard
50%
Ondřej Moravec
50%
Julian Eberhard
47%
Benjamin Weger
44%
Timofey Lapshin
44%
Fredrik Lindström
41%
Klemen Bauer
31%
Serafin Wiestner
13%
Tomas Kaukėnas
13%
Aucun quiz correspondant
Distribution des résultats
% des personnes avec chaque résultat
Percentile par nombre de réponses
Votre historique - résultats
Vous n’avez pas pris ce quiz